Biography Quiz - Oskar Schindler - Statistics

General Stats
  • This quiz has been taken 64 times
  • The average score is 8 of 15
Answer Stats
Question Answer % Correct
What was the name of Oskar Schindler's bookkeeper and friend who helped him save Jewish lives? Itzhak Stern
82%
What honors has Oskar Schindler received for his actions during the Holocaust? Oskar Schindler has been recognized as a "Righteous Among the Nations" by Yad Vashem, the Holocaust museum in Jerusalem
82%
What is the name of the film that tells the story of Oskar Schindler's actions during the Holocaust? "Schindler's List"
82%
What was Oskar Schindler's profession before World War II? A businessman who owned a factory
76%
How did Oskar Schindler obtain the funds to bribe Nazi officials and protect his Jewish workers? His personal wealth and borrowed money from various sources
76%
How did Oskar Schindler save Jewish people during the Holocaust? Oskar Schindler employed Jewish workers in his factory and protected them from deportation and extermination by bribing Nazi officials and using his influence
76%
What was the name of the actor who played Oskar Schindler in the movie "Schindler's List"? Liam Neeson
65%
How many Jewish workers did Oskar Schindler save? Approximately 1,200 Jewish workers
59%
When and where was Oskar Schindler born? April 28, 1908, in Zwittau (Czechia).
53%
Where was Oskar Schindler's factory located? Krakow, Poland
47%
What did Oskar Schindler do after the war? He moved to Argentina
41%
What was the name of the factory where Oskar Schindler employed Jewish workers? Emalia Factory
35%
How did Oskar Schindler's story become widely known? Thomas Keneally's book "Schindler's Ark"
29%
What was the name of the book written by Oskar Schindler after World War II? "The Unlikely Hero"
18%
When did Oskar Schindler die? October 9, 1974
6%
No matching quizzes found
Score Distribution
Percent of People with Each Score
Percentile by Number Answered
Your Score History
You have not taken this quiz